000 00626nam a2200229Ia 4500
003 OSt
005 20221006164307.0
006 a|||||r|||| 00| 0
007 ta
008 221006b |||||||| |||| 00| 0 hin d
024 _a5,817
037 _cTextual
040 _aFML
_cFML
_bhin
041 _2hin
_ahin
082 _aQ23:221:g, 152K7.1- .2
100 _aSharma Shriram Ed.
_9676093
245 0 _aVayu Puran
260 _aBarelly
_bSanskriti Sansthan India
_c1967
300 _a528, 504
_ccm.
942 _hQ23:221:g, 152K7.1- .2
_cTEXL
_2CC
999 _c1116770
_d1116770